| 000 | 02098cam a22005174i 4500 | ||
|---|---|---|---|
| 003 | PE-LiUPU | ||
| 005 | 20250731173114.0 | ||
| 008 | 190313s2018 ne a rb 001 0 eng d | ||
| 020 | _a9004358412 | ||
| 020 | _a9789004358416 | ||
| 035 | _a(Sirsi) a251950 | ||
| 040 |
_aPE-LiUPU _bspa _cPE-LiUPU _erda _dPE-LiUPU _erda |
||
| 049 | _aPRUA | ||
| 082 | 0 | 4 |
_a227.066 _bV28 _223 |
| 100 | 1 |
_aVan Nes, Jermo, _eautor. |
|
| 245 | 1 | 0 |
_aPauline language and the Pastoral Epistles : _ba study of linguistic variation in the Corpus Paulinum / _cby Jermo van Nes. |
| 264 | 1 |
_aLeiden : _bBrill, _c2018. |
|
| 300 |
_a532 páginas : _bilustraciones ; _c23 centímetros. |
||
| 336 |
_atext _2rdacontent |
||
| 337 |
_aunmediated _2rdamedia |
||
| 338 |
_avolume _2rdacarrier |
||
| 490 | 0 |
_aLinguistic biblical studies ; _vVol. 16 |
|
| 504 | _aBibliografía: páginas 480-518. | ||
| 504 | _aÍndice: páginas 519-532. | ||
| 505 | 0 | _aThe linguistic problem of the pastoral epistles -- Origins of the problem: Founding figures -- Constituents of the problem: Linguistic peculiarities -- Solutions to the problem: Authorship Hypotheses -- The linguistic problem of the pastoral epistles reconsidered -- Approaching the problem: Methodological considerations -- Pauline vocabulary: New perspectives -- Pauline syntax: New perspectives. | |
| 526 | _aSEG42 | ||
| 526 | _aSEG41 | ||
| 526 | _aSEG40 | ||
| 526 | _aSEG39 | ||
| 526 | _aP94 | ||
| 526 | _aP87 | ||
| 526 | _aP86 | ||
| 526 | _aP85 | ||
| 526 | _aP77 | ||
| 526 | _aP76 | ||
| 526 | _aP35 | ||
| 630 |
_aBiblia. _pEpístola de Pablo _x2 fast. |
||
| 650 | 0 | 4 |
_aReligión _xEstudios biblicos _Nuevo Testamento _2 bisacsh |
| 650 | 0 | 4 | _aEpístolas pastorales |
| 910 |
_adbm _bsag _csag _d20190313 |
||
| 942 |
_2ddc _cBOOK |
||
| 994 |
_aC0 _bPEPRU |
||
| 596 | _a1 | ||
| 999 |
_a227.066 V28 _wLC _c31213 _i79990 _f2021-11-9 _g2 _lCCODEBUL1 _mBUL _p175.71 _r0 _sY _tBOOK _u2019-3-13 _xTEOLOGIA _PP35 _0COMPRA _o.STAFF. Colección Teología _d31213 |
||
| 980 |
_81 _gALBERTO SANCHEZ Responsable de Automatización |
||